000 00425nam a2200145 4500
001 126352
003 ES-MaACL
007 t|
008 070214s1930 fr r ||||1| fre d
100 1 _aRenard, Georges.
_996174
245 1 3 _aLa théorie de l'institution
_b: essai d'ontologie juridique /
_cGeorges Renard.
260 _aParis :
_bRecueil Sirey,
_c1930.
300 _aXXXVI, 638 p. ;
_c23 cm.
852 _aES-MaACL
_jC-7046
999 _c126352
_d126352